[Event "Toronto-ch Championship"]
[Site "Toronto CAN"]
[Date "2002.01.09"]
[Round "1"]
[White "Torres, Juan Carlos"]
[Black "Findlay, Ian"]
[Result "1/2-1/2"]
[WhiteElo "2229"]
[BlackElo "2387"]
[PlyCount "131"]
[EventDate "2002.01.09"]
[EventType "tourn"]
[EventRounds "11"]
[EventCountry "CAN"]

1. d4 Nf6 2. Nf3 c5 3. e3 e6 4. c4 d5 5. Bd3 Nc6 6. cxd5 exd5 7. dxc5 Bxc5 8.
O-O O-O 9. Nd4 Bg4 10. Nxc6 bxc6 11. Qa4 Qd6 12. Nc3 Rfe8 13. Bd2 Rad8 14. Be2
d4 15. Rad1 Qe5 16. exd4 Bxd4 17. Bf3 Bxf3 18. gxf3 Qh5 19. Bf4 Bxc3 20. Rxd8
Rxd8 21. bxc3 Qxf3 22. Bg3 h5 23. Qxa7 Qxc3 24. Qc7 Rd5 25. Qf4 g5 26. Qe3 Qxe3
27. fxe3 Ne4 28. Ra1 Rd3 29. a4 Rxe3 30. Bb8 Rb3 31. Bc7 Rb7 32. Bd8 Rb8 33.
Bc7 Rc8 34. Bb6 Nd6 35. a5 Nc4 36. Bc5 Nxa5 37. Rxa5 Kg7 38. Be3 f6 39. Kg2 Kg6
40. Rc5 Re8 41. Kf3 Re6 42. Bf2 Rd6 43. Bg3 Re6 44. Rc2 Kf5 45. Rc5+ Kg6 46.
Ra5 Kf7 47. Ra7+ Kg6 48. Rd7 Kf5 49. Bc7 Kg6 50. Rd6 Rxd6 51. Bxd6 Kf5 52. Bb4
h4 53. h3 Kg6 54. Bc5 f5 55. Be7 Kh5 56. Bc5 Kh6 57. Be7 Kg6 58. Bc5 Kf6 59.
Be3 Kg6 60. Bc5 Kh5 61. Be7 g4+ 62. hxg4+ fxg4+ 63. Kf4 h3 64. Kg3 Kg6 65. Bc5
Kf5 66. Bg1 1/2-1/2

[Event "Toronto-ch Championship"]
[Site "Toronto CAN"]
[Date "2002.01.14"]
[Round "2"]
[White "Berengolts, Isai"]
[Black "Perovic, Bozidar"]
[Result "1-0"]
[WhiteElo "2244"]
[BlackElo "2028"]
[PlyCount "72"]
[EventDate "2002.01.09"]
[EventType "tourn"]
[EventRounds "11"]
[EventCountry "CAN"]

1. e4 d5 2. exd5 Nf6 3. Nc3 Nxd5 4. Bc4 Nxc3 5. Qf3 e6 6. dxc3 Nd7 7. Qg3 Nb6
8. Bb3 c5 9. Bf4 Qf6 10. O-O-O Be7 11. c4 a5 12. a3 a4 13. Ba2 Nd7 14. Nf3 h6
15. c3 Nb6 16. Be5 Qg6 17. Qxg6 fxg6 18. Bxg7 Rh7 19. Be5 Nd7 20. Bg3 Rg7 21.
Rhe1 Ra6 22. Bb1 Bf6 23. Bd6 Be7 24. Rxe6 Nf8 25. Re4 Be6 26. Bxe7 Rxe7 27.
Rde1 Rd6 28. Bc2 Ra6 29. Re5 Kf7 30. Rxc5 Nd7 31. Ne5+ Kf6 32. Nxd7+ Rxd7 33.
Rd1 Re7 34. Rd8 Kg7 35. Bd3 Rf7 36. f3 Rb6 1-0

[Event "Toronto-ch Championship"]
[Site "Toronto CAN"]
[Date "2002.01.14"]
[Round "2"]
[White "Campbell, Brett"]
[Black "Dutton, Warren"]
[Result "1-0"]
[WhiteElo "2270"]
[BlackElo "2025"]
[PlyCount "99"]
[EventDate "2002.01.09"]
[EventType "tourn"]
[EventRounds "11"]
[EventCountry "CAN"]

1. c4 c5 2. Nc3 Nc6 3. g3 g6 4. Bg2 Bg7 5. e3 e6 6. Nge2 Nge7 7. Nf4 O-O 8. h4
Ne5 9. d3 Rb8 10. Bd2 a6 11. a4 h6 12. Qb1 b6 13. O-O Bb7 14. e4 Bc6 15. Qc2 d6
16. Rab1 Kh7 17. b4 cxb4 18. Rxb4 Bd7 19. Nfe2 N7c6 20. Rbb1 Bf6 21. Nd1 Ng4
22. Ne3 h5 23. f3 Nxe3 24. Bxe3 a5 25. d4 Nb4 26. Qb3 d5 27. cxd5 exd5 28. Nc3
Be6 29. Qd1 Qd7 30. e5 Bg7 31. Nb5 Rbc8 32. Nd6 Rc2 33. Rf2 Rxf2 34. Bxf2 Bh3
35. Be1 Bxg2 36. Kxg2 f6 37. f4 fxe5 38. dxe5 Qc6 39. Bxb4 axb4 40. Rxb4 d4+
41. Kg1 Qc3 42. Rb3 Qc6 43. Rd3 Bf6 44. Rxd4 Qc3 45. Ne4 Qe3+ 46. Kg2 Be7 47.
Qd3 Qe1 48. Rd7 Rf7 49. Ng5+ Kg7 50. Qc4 1-0

[Event "Toronto-ch Championship"]
[Site "Toronto CAN"]
[Date "2002.01.14"]
[Round "2"]
[White "Findlay, Ian"]
[Black "Richardson, Ross"]
[Result "1/2-1/2"]
[WhiteElo "2387"]
[BlackElo "2024"]
[PlyCount "93"]
[EventDate "2002.01.09"]
[EventType "tourn"]
[EventRounds "11"]
[EventCountry "CAN"]

1. e4 c6 2. d4 d5 3. Nc3 dxe4 4. Nxe4 Bf5 5. Ng3 Bg6 6. h4 h6 7. Nf3 Nd7 8. h5
Bh7 9. Bd3 Bxd3 10. Qxd3 e6 11. Bd2 Ngf6 12. O-O-O Be7 13. Kb1 a5 14. c4 O-O
15. Bf4 b5 16. cxb5 Nd5 17. Bd2 cxb5 18. Qxb5 Bb4 19. Bxb4 axb4 20. Rc1 Rb8 21.
Qc6 Rb6 22. Qa4 Rb8 23. Ne4 Ra8 24. Qb5 Ra5 25. Qb7 N7b6 26. Ne5 Qa8 27. Qxa8
Rfxa8 28. Kc2 Rxa2 29. Kb3 Nc3 30. Nxc3 bxc3 31. Rxc3 Nd5 32. Rc5 R2a4 33. Nc6
R4a6 34. Ne5 Ra4 35. Rc4 R4a7 36. g3 Rb7+ 37. Kc2 Nf6 38. g4 Rab8 39. Rb1 Ne4
40. f3 Nf6 41. b4 Nd5 42. Kd2 Rxb4 43. Rbxb4 Rxb4 44. Rc8+ Kh7 45. Nxf7 Rxd4+
46. Ke2 g6 47. hxg6+ 1/2-1/2

[Event "Toronto-ch Championship"]
[Site "Toronto CAN"]
[Date "2002.01.14"]
[Round "2"]
[White "Rakhinshteyn, Fima"]
[Black "Torres, Juan Carlos"]
[Result "1-0"]
[WhiteElo "2214"]
[BlackElo "2229"]
[PlyCount "55"]
[EventDate "2002.01.09"]
[EventType "tourn"]
[EventRounds "11"]
[EventCountry "CAN"]

1. c4 e5 2. Nc3 Nf6 3. Nf3 Nc6 4. d4 exd4 5. Nxd4 Nxd4 6. Qxd4 Be7 7. g3 O-O 8.
Bg2 d6 9. O-O c6 10. e4 Qb6 11. Be3 Qxb2 12. Nd5 Qxd4 13. Nxe7+ Kh8 14. Bxd4
Be6 15. Bxf6 gxf6 16. Rfc1 Rad8 17. Nf5 d5 18. cxd5 cxd5 19. Rc7 d4 20. Rxb7 a6
21. Rb4 d3 22. Ne3 Rfe8 23. Rb2 Rd4 24. Rd2 Red8 25. f3 Rc8 26. Bf1 Rc3 27. Kf2
Ra4 28. Rxd3 1-0

[Event "Toronto-ch Championship"]
[Site "Toronto CAN"]
[Date "2002.01.14"]
[Round "2"]
[White "Southam, David"]
[Black "Laughlin, Steve"]
[Result "1-0"]
[WhiteElo "2162"]
[BlackElo "2045"]
[PlyCount "79"]
[EventDate "2002.01.09"]
[EventType "tourn"]
[EventRounds "11"]
[EventCountry "CAN"]

1. d4 Nf6 2. Nf3 g6 3. c4 Bg7 4. Nc3 d6 5. e4 O-O 6. Be2 e5 7. Be3 Nc6 8. d5
Ne7 9. Nd2 Nd7 10. b4 f5 11. f3 f4 12. Bf2 Nf6 13. c5 g5 14. Rc1 Ng6 15. cxd6
cxd6 16. Nb5 Nh4 17. Rg1 Rf7 18. Qc2 a6 19. Nc7 Rb8 20. Ba7 Bd7 21. Ne6 Bxe6
22. dxe6 Re7 23. Bxb8 Qxb8 24. Qc8+ Re8 25. Qxb8 Rxb8 26. Bc4 Rc8 27. Kf2 Ng6
28. Bb3 Re8 29. Rc7 Re7 30. Rgc1 Ne8 31. Rd7 Bf6 32. Rc8 Kf8 33. Bd5 b5 34. Nb3
h5 35. Na5 g4 36. Nc6 g3+ 37. hxg3 fxg3+ 38. Kf1 Rg7 39. Rf7+ Rxf7 40. exf7 1-0

[Event "Toronto-ch Championship"]
[Site "Toronto CAN"]
[Date "2002.01.14"]
[Round "2"]
[White "Veltmann, Martin"]
[Black "Meng, Ang"]
[Result "0-1"]
[WhiteElo "2200"]
[BlackElo "2166"]
[PlyCount "72"]
[EventDate "2002.01.09"]
[EventType "tourn"]
[EventRounds "11"]
[EventCountry "CAN"]

1. c4 e6 2. Nf3 d5 3. d4 Nf6 4. Nc3 c6 5. Bf4 dxc4 6. e3 b5 7. a4 Bb4 8. Nd2
Bxc3 9. bxc3 Bb7 10. Qb1 Nd5 11. axb5 Nxc3 12. Qc2 Nd5 13. Bxb8 Rxb8 14. Bxc4
Qb6 15. bxc6 Nb4 16. Qb3 Bxc6 17. O-O O-O 18. Rfb1 a5 19. Qd1 Rfd8 20. Qh5 Ra8
21. Nf3 Be4 22. Rb2 Qc6 23. Ne5 Qc7 24. Qe2 Rac8 25. f3 Bf5 26. e4 Bg6 27. Rd2
Qb6 28. Qf2 f6 29. Nxg6 Rxc4 30. Nf4 Qd6 31. Ne2 Nc6 32. Rda2 Qb4 33. Qe3 Nxd4
34. Nxd4 Rcxd4 35. Rxa5 Rd3 36. Qa7 Rd1+ 0-1

[Event "Toronto-ch Championship"]
[Site "Toronto CAN"]
[Date "2002.01.17"]
[Round "3"]
[White "Dutton, Warren"]
[Black "Richardson, Ross"]
[Result "1/2-1/2"]
[WhiteElo "2025"]
[BlackElo "2024"]
[PlyCount "38"]
[EventDate "2002.01.09"]
[EventType "tourn"]
[EventRounds "11"]
[EventCountry "CAN"]

1. e4 c6 2. d4 d5 3. e5 Bf5 4. Bd3 Bxd3 5. Qxd3 e6 6. Nf3 Qa5+ 7. Nc3 Qa6 8.
Qd1 Ne7 9. Ne2 h5 10. O-O Nf5 11. c3 c5 12. Re1 Nc6 13. dxc5 Bxc5 14. b4 Be7
15. a4 Qb6 16. Qd3 Qc7 17. Nf4 Rd8 18. Qe2 h4 19. h3 a5 1/2-1/2

[Event "Toronto-ch Championship"]
[Site "Toronto CAN"]
[Date "2002.01.17"]
[Round "3"]
[White "Laughlin, Steve"]
[Black "Berengolts, Isai"]
[Result "0-1"]
[WhiteElo "2045"]
[BlackElo "2244"]
[PlyCount "72"]
[EventDate "2002.01.09"]
[EventType "tourn"]
[EventRounds "11"]
[EventCountry "CAN"]

1. e4 c5 2. Nf3 d6 3. d4 cxd4 4. Nxd4 Nf6 5. Nc3 Nc6 6. Be3 g6 7. f3 Bg7 8. Qd2
Nd7 9. Bc4 Nb6 10. Bb3 Na5 11. O-O-O Nbc4 12. Qe2 Nxb3+ 13. axb3 Nxe3 14. Qxe3
Bd7 15. Kb1 a5 16. g4 a4 17. bxa4 Bxa4 18. h4 h5 19. e5 Bxe5 20. f4 Bg7 21. f5
gxf5 22. Nxf5 Be5 23. Nxa4 Rxa4 24. Qxe5 Ra1+ 25. Kxa1 Qa8+ 26. Kb1 dxe5 27.
Rh3 hxg4 28. Ra3 Qc8 29. h5 f6 30. h6 Kf7 31. Rf1 Qc4 32. Rf2 Qc5 33. Rf1 e6
34. Rc3 Qa5 35. Nd6+ Kg6 36. Ne4 f5 0-1

[Event "Toronto-ch Championship"]
[Site "Toronto CAN"]
[Date "2002.01.17"]
[Round "3"]
[White "Meng, Ang"]
[Black "Southam, David"]
[Result "1-0"]
[WhiteElo "2166"]
[BlackElo "2162"]
[PlyCount "95"]
[EventDate "2002.01.09"]
[EventType "tourn"]
[EventRounds "11"]
[EventCountry "CAN"]

1. e4 c6 2. d4 d5 3. e5 Bf5 4. Nc3 e6 5. g4 Bg6 6. Nge2 c5 7. Be3 Nc6 8. dxc5
Nxe5 9. Nf4 Nf6 10. Bb5+ Nc6 11. h4 Be4 12. f3 Nxg4 13. Bg1 Qf6 14. fxe4 Qxf4
15. exd5 exd5 16. Qxd5 Qe5+ 17. Qxe5+ Ngxe5 18. O-O-O Be7 19. Ne4 O-O 20. Nd6
Bxd6 21. cxd6 Nd7 22. Rh3 Rfe8 23. Bxc6 bxc6 24. Rc3 Rac8 25. Bxa7 Ra8 26. Bd4
Ra6 27. a3 Re4 28. Rb3 Ra8 29. Rb7 Rd8 30. Bc3 Nf6 31. Rc7 Nd5 32. Rxc6 Nxc3
33. Rxc3 h5 34. Rc7 Re6 35. Rc6 f6 36. c4 g5 37. c5 g4 38. Rc7 f5 39. d7 Kf7
40. Rc8 Ke7 41. c6 Rxc6+ 42. Rxc6 f4 43. Rh6 g3 44. Rxh5 f3 45. Re5+ Kf6 46.
Re3 f2 47. Rxg3 Rxd7 48. Rf3+ 1-0

[Event "Toronto-ch Championship"]
[Site "Toronto CAN"]
[Date "2002.01.17"]
[Round "3"]
[White "Perovic, Bozidar"]
[Black "Campbell, Brett"]
[Result "0-1"]
[WhiteElo "2020"]
[BlackElo "2270"]
[PlyCount "74"]
[EventDate "2002.01.09"]
[EventType "tourn"]
[EventRounds "11"]
[EventCountry "CAN"]

1. f4 g6 2. Nf3 Bg7 3. e4 c5 4. Bc4 e6 5. O-O Ne7 6. e5 d5 7. exd6 Qxd6 8. d3
Nbc6 9. Nc3 O-O 10. Ne4 Qc7 11. Kh1 b6 12. c3 Bd7 13. Qe1 Nd5 14. Qh4 f5 15.
Neg5 h6 16. Nh3 Qd8 17. Qg3 Qf6 18. Bd2 Na5 19. Ne5 Be8 20. Rae1 Nxc4 21. dxc4
Ne7 22. Ng5 Rd8 23. Rf2 Rd6 24. Rfe2 Bh8 25. Ngf3 Kh7 26. Qh3 Ng8 27. g4 Qd8
28. Ng5+ Kg7 29. Nef3 hxg5 30. Nxg5 Nf6 31. Rxe6 Rxd2 32. Re7+ Kg8 33. Nh7 Bc6+
34. Kg1 Bg7 35. Nxf6+ Rxf6 36. g5 Rf7 37. Qe3 Rxe7 0-1

[Event "Toronto-ch Championship"]
[Site "Toronto CAN"]
[Date "2002.01.23"]
[Round "3"]
[White "Rakhinshteyn, Fima"]
[Black "Findlay, Ian"]
[Result "1-0"]
[WhiteElo "2214"]
[BlackElo "2387"]
[PlyCount "85"]
[EventDate "2002.01.09"]
[EventType "tourn"]
[EventRounds "11"]
[EventCountry "CAN"]

1. c4 e6 2. d4 Nf6 3. Nf3 d5 4. g3 Be7 5. Bg2 O-O 6. O-O dxc4 7. Qc2 a6 8. Qxc4
b5 9. Qc2 Bb7 10. Bd2 Nc6 11. e3 Nb4 12. Bxb4 Bxb4 13. a3 Bd6 14. Nbd2 Qe7 15.
e4 e5 16. Nh4 Nd7 17. Nf5 Qd8 18. dxe5 Nxe5 19. Qc3 f6 20. f4 Nf7 21. Rfd1 g6
22. Nd4 Qe7 23. e5 fxe5 24. fxe5 Bxe5 25. Bxb7 Rad8 26. Nc6 Qf6 27. Nxe5 Nxe5
28. Bg2 Qb6+ 29. Kh1 Nd3 30. Ne4 Qe3 31. Rf1 Qd4 32. Rxf8+ Kxf8 33. Rf1+ Kg7
34. Qxc7+ Rd7 35. Qc8 Rf7 36. Rxf7+ Kxf7 37. Qc7+ Kg8 38. Qc3 Qxc3 39. bxc3 Nb2
40. Nc5 Nd1 41. c4 Ne3 42. Nxa6 bxc4 43. Nb4 1-0

[Event "Toronto-ch Championship"]
[Site "Toronto CAN"]
[Date "2002.01.19"]
[Round "4"]
[White "Berengolts, Isai"]
[Black "Meng, Ang"]
[Result "1-0"]
[WhiteElo "2244"]
[BlackElo "2166"]
[PlyCount "47"]
[EventDate "2002.01.09"]
[EventType "tourn"]
[EventRounds "11"]
[EventCountry "CAN"]

1. e4 e6 2. d4 d5 3. Nd2 c5 4. Ngf3 Nf6 5. e5 Nfd7 6. c3 f5 7. a3 Be7 8. b4 b6
9. b5 O-O 10. a4 a6 11. Bb2 Qe8 12. c4 Bb7 13. cxd5 Bxd5 14. Bc4 cxd4 15. Bxd5
exd5 16. O-O Nc5 17. Nxd4 axb5 18. axb5 Rxa1 19. Bxa1 Ne4 20. Ne6 Bb4 21. Nxe4
Qxe6 22. Ng5 Qd7 23. e6 Qxb5 24. Qh5 1-0

[Event "Toronto-ch Championship"]
[Site "Toronto CAN"]
[Date "2002.01.19"]
[Round "4"]
[White "Campbell, Brett"]
[Black "Laughlin, Steve"]
[Result "0-1"]
[WhiteElo "2270"]
[BlackElo "2045"]
[PlyCount "52"]
[EventDate "2002.01.09"]
[EventType "tourn"]
[EventRounds "11"]
[EventCountry "CAN"]

1. d4 Nf6 2. c4 g6 3. Nc3 Bg7 4. e4 d6 5. Be2 O-O 6. g4 e5 7. d5 Ne8 8. h4 f5
9. g5 Na6 10. f3 fxe4 11. fxe4 c6 12. Be3 cxd5 13. cxd5 Bd7 14. Nh3 Rc8 15. Qd2
Nc5 16. Nf2 Qa5 17. O-O b5 18. Nxb5 Qxd2 19. Bxd2 Rxf2 20. Kxf2 Nxe4+ 21. Ke3
Ng3 22. Nxa7 Nxf1+ 23. Bxf1 Rc2 24. Nb5 Rxb2 25. a4 Rb3+ 26. Ke4 Bf5# 0-1

[Event "Toronto-ch Championship"]
[Site "Toronto CAN"]
[Date "2002.01.19"]
[Round "4"]
[White "Findlay, Ian"]
[Black "Dutton, Warren"]
[Result "0-1"]
[WhiteElo "2387"]
[BlackElo "2025"]
[PlyCount "66"]
[EventDate "2002.01.09"]
[EventType "tourn"]
[EventRounds "11"]
[EventCountry "CAN"]

1. e4 e5 2. Nf3 Nc6 3. Bb5 f5 4. Nc3 Nf6 5. exf5 e4 6. Ng5 d5 7. d3 Bxf5 8.
dxe4 dxe4 9. O-O Bd6 10. Qe2 Qe7 11. Re1 Bb4 12. Bxc6+ bxc6 13. Qc4 c5 14. Bd2
O-O-O 15. Rad1 Bxc3 16. Bxc3 Rxd1 17. Rxd1 Rd8 18. Re1 Nd5 19. Nxe4 Nxc3 20.
bxc3 Qxe4 21. Qa6+ Qb7 22. Qc4 Qc6 23. h3 Bxc2 24. Qg4+ Qd7 25. Qc4 Qd5 26.
Qg4+ Bf5 27. Qa4 Kb7 28. Qb5+ Kc8 29. Qa6+ Kb8 30. Qb5+ Ka8 31. c4 Qd6 32. Re3
Bd7 33. Qa5 Rb8 0-1

[Event "Toronto-ch Championship"]
[Site "Toronto CAN"]
[Date "2002.01.19"]
[Round "4"]
[White "Richardson, Ross"]
[Black "Perovic, Bozidar"]
[Result "0-1"]
[WhiteElo "2024"]
[BlackElo "2028"]
[PlyCount "56"]
[EventDate "2002.01.09"]
[EventType "tourn"]
[EventRounds "11"]
[EventCountry "CAN"]

1. d4 d5 2. c4 e6 3. Nc3 Nf6 4. Bg5 Nbd7 5. e3 c6 6. cxd5 exd5 7. Bd3 Qa5 8.
Qf3 Bb4 9. Nge2 h6 10. Bxf6 Nxf6 11. Qg3 O-O 12. O-O Qd8 13. h3 Bd6 14. Qf3 Nh7
15. e4 Ng5 16. Qh5 dxe4 17. Nxe4 Bf5 18. f3 Bg6 19. Qg4 f5 20. Bc4+ Kh8 21. Nf4
fxg4 22. Nxg6+ Kh7 23. Nxf8+ Bxf8 24. Nxg5+ Qxg5 25. f4 Qf6 26. Rad1 gxh3 27.
g4 Qh4 28. Bd3+ Kh8 0-1

[Event "Toronto-ch Championship"]
[Site "Toronto CAN"]
[Date "2002.01.19"]
[Round "4"]
[White "Southam, David"]
[Black "Torres, Juan Carlos"]
[Result "1/2-1/2"]
[WhiteElo "2162"]
[BlackElo "2229"]
[PlyCount "117"]
[EventDate "2002.01.09"]
[EventType "tourn"]
[EventRounds "11"]
[EventCountry "CAN"]

1. d4 g6 2. c4 Nf6 3. Nc3 Bg7 4. e4 d6 5. Nf3 O-O 6. Be2 Nfd7 7. O-O h6 8. Be3
e5 9. Qd2 Kh7 10. dxe5 dxe5 11. Ne1 c6 12. Nc2 Na6 13. b4 Qe7 14. a3 Nf6 15. f3
Rd8 16. Qc1 Nc7 17. Qb2 Nh5 18. Rfd1 Be6 19. Rxd8 Qxd8 20. Rd1 Qe7 21. Na4 b6
22. Qc1 Rd8 23. Rxd8 Qxd8 24. Qd2 Qxd2 25. Bxd2 Nf4 26. Bf1 Bd7 27. Nc3 Nfe6
28. Bd3 g5 29. g3 Kg6 30. Kf2 Bf8 31. Nd1 Nd4 32. Nxd4 exd4 33. f4 f5 34. Kf3
g4+ 35. Ke2 c5 36. Nf2 cxb4 37. axb4 Na6 38. c5 Nc7 39. cxb6 axb6 40. exf5+
Bxf5 41. Nxg4 Nd5 42. Ne5+ Kf6 43. Nc6 Nc3+ 44. Bxc3 dxc3 45. Bxf5 Kxf5 46. Kd3
Kg4 47. Kxc3 Kh3 48. Nd4 Kxh2 49. Ne6 Be7 50. g4 Kg3 51. g5 h5 52. f5 h4 53. f6
Bd6 54. Kc2 h3 55. g6 h2 56. g7 Kf2 57. Ng5 Bf8 58. Kb3 Ke3 59. Kc3 1/2-1/2

[Event "Toronto-ch Championship"]
[Site "Toronto CAN"]
[Date "2002.01.19"]
[Round "4"]
[White "Veltmann, Martin"]
[Black "Rakhinshteyn, Fima"]
[Result "1-0"]
[WhiteElo "2200"]
[BlackElo "2214"]
[PlyCount "42"]
[EventDate "2002.01.09"]
[EventType "tourn"]
[EventRounds "11"]
[EventCountry "CAN"]

1. Nf3 Nf6 2. g3 c5 3. Bg2 Nc6 4. O-O d5 5. d3 e5 6. Nbd2 Be7 7. e4 dxe4 8.
dxe4 O-O 9. Qe2 Qc7 10. c3 h6 11. Re1 a6 12. a4 Be6 13. Nh4 Ne8 14. Nf5 Bxf5
15. exf5 Rd8 16. Ne4 Nf6 17. Be3 Nxe4 18. Bxe4 Na5 19. Qf3 Rd7 20. Bxh6 Bf6 21.
Qg4 Kh8 1-0

[Event "Toronto-ch Championship"]
[Site "Toronto CAN"]
[Date "2002.01.21"]
[Round "5"]
[White "Laughlin, Steve"]
[Black "Richardson, Ross"]
[Result "1-0"]
[WhiteElo "2045"]
[BlackElo "2024"]
[PlyCount "74"]
[EventDate "2002.01.09"]
[EventType "tourn"]
[EventRounds "11"]
[EventCountry "CAN"]

1. e4 c6 2. d3 d5 3. Nd2 e5 4. Ngf3 Bd6 5. g3 Nf6 6. Bg2 Bg4 7. h3 Bc8 8. O-O
Nbd7 9. c3 O-O 10. Nh4 Re8 11. Re1 a5 12. Nf1 b5 13. exd5 cxd5 14. c4 bxc4 15.
dxc4 Bb4 16. Bd2 e4 17. Bxb4 axb4 18. cxd5 Nc5 19. d6 Ra6 20. Ne3 Rxd6 21. Qc2
Nd3 22. Red1 g6 23. Bf1 Ba6 24. Qd2 Qb8 25. Nhg2 Red8 26. Ne1 Nh5 27. Bg2 f5
28. Qc2 Nxe1 29. Rxe1 Rd2 30. Qb3+ Kh8 31. Red1 R8d3 32. Qe6 Rd6 33. Qb3 Be2
34. Rxd2 Rxd2 35. a3 Qe5 36. axb4 Rxb2 37. Qf7 Qb8 1-0

[Event "Toronto-ch Championship"]
[Site "Toronto CAN"]
[Date "2002.01.21"]
[Round "5"]
[White "Meng, Ang"]
[Black "Campbell, Brett"]
[Result "1-0"]
[WhiteElo "2144"]
[BlackElo "2270"]
[PlyCount "63"]
[EventDate "2002.01.09"]
[EventType "tourn"]
[EventRounds "11"]
[EventCountry "CAN"]

1. f4 d5 2. g3 c5 3. Bg2 Nc6 4. Nf3 Nf6 5. O-O g6 6. d3 Bg7 7. e3 O-O 8. Nbd2
Qd6 9. e4 e5 10. exd5 Qxd5 11. fxe5 Nxe5 12. Nxe5 Qxe5 13. Nc4 Qe7 14. Bf4 Rd8
15. Qf3 Nh5 16. Bd6 Rxd6 17. Nxd6 Bd4+ 18. Kh1 Qxd6 19. Qxf7+ Kh8 20. Qe8+ Kg7
21. Rf7+ Kh6 22. Qg8 Nf6 23. Qg7+ Kg5 24. h4+ Kg4 25. Qh6 Qe5 26. Rf1 Nh5 27.
Bf3+ Kh3 28. Bxh5 gxh5 29. Qd2 Qd5+ 30. R1f3 Be5 31. Qg2+ Kg4 32. R3f4+ 1-0

[Event "Toronto-ch Championship"]
[Site "Toronto CAN"]
[Date "2002.01.21"]
[Round "5"]
[White "Perovic, Bozidar"]
[Black "Dutton, Warren"]
[Result "1-0"]
[WhiteElo "2028"]
[BlackElo "2025"]
[PlyCount "75"]
[EventDate "2002.01.09"]
[EventType "tourn"]
[EventRounds "11"]
[EventCountry "CAN"]

1. d4 Nf6 2. Nf3 c5 3. d5 d6 4. c4 g6 5. Nc3 Bg7 6. Bg5 O-O 7. h3 h6 8. Bh4 Qa5
9. Qd2 Na6 10. e4 Nb4 11. Rc1 g5 12. Bg3 Nh5 13. a3 Nxg3 14. fxg3 Na6 15. Bd3
Bd7 16. h4 g4 17. Nh2 Nc7 18. Be2 b5 19. Bxg4 f5 20. exf5 Bxf5 21. O-O Bxg4 22.
Nxg4 h5 23. Nh6+ Kh7 24. Nf5 Rg8 25. Kh2 Bf8 26. Qe2 Rg4 27. Ne3 Bh6 28. Nxg4
hxg4 29. Qxe7+ Kg8 30. Ne4 Ne8 31. Nf6+ Nxf6 32. Rxf6 Qd2 33. Qe6+ Kh7 34. Rcf1
Rg8 35. Qf5+ Kh8 36. Qh5 Kh7 37. Rf7+ Kh8 38. R1f6 1-0

[Event "Toronto-ch Championship"]
[Site "Toronto CAN"]
[Date "2002.01.21"]
[Round "5"]
[White "Rakhinshteyn, Fima"]
[Black "Southam, David"]
[Result "1-0"]
[WhiteElo "2500"]
[BlackElo "2500"]
[PlyCount "61"]
[EventDate "2002.01.09"]
[EventType "tourn"]
[EventRounds "11"]
[EventCountry "CAN"]

1. c4 e5 2. Nc3 Nf6 3. Nf3 Nc6 4. d4 e4 5. Nd2 Bb4 6. e3 Bxc3 7. bxc3 d6 8. Be2
O-O 9. O-O Bf5 10. f3 Re8 11. fxe4 Nxe4 12. Qb3 Nxd2 13. Bxd2 Be4 14. Rf4 Na5
15. Qb5 b6 16. Raf1 a6 17. Qh5 Bg6 18. Qg4 Qc8 19. Qg3 Qe6 20. Bf3 Rad8 21. Bd5
Qe7 22. Qf3 Rf8 23. h4 c6 24. h5 Bxh5 25. Qxh5 cxd5 26. Rh4 h6 27. e4 f6 28.
Bxh6 gxh6 29. Qxh6 Qg7 30. Qh5 f5 31. exf5 1-0

[Event "Toronto-ch Championship"]
[Site "Toronto CAN"]
[Date "2002.01.21"]
[Round "5"]
[White "Torres, Juan Carlos"]
[Black "Berengolts, Isai"]
[Result "0-1"]
[WhiteElo "2229"]
[BlackElo "2244"]
[PlyCount "105"]
[EventDate "2002.01.09"]
[EventType "tourn"]
[EventRounds "11"]
[EventCountry "CAN"]

1. d4 f5 2. Nf3 Nf6 3. e3 e6 4. Bd3 b6 5. Nbd2 Bb7 6. c4 Be7 7. Qc2 O-O 8. O-O
Qe8 9. Re1 Bb4 10. a3 Bxd2 11. Nxd2 Qh5 12. f3 Qh4 13. Rf1 Nc6 14. b4 Ne7 15.
Nb3 Rac8 16. Bd2 d6 17. c5 Bd5 18. Bc4 dxc5 19. bxc5 c6 20. a4 Rfd8 21. Ba6 Rb8
22. Nc1 b5 23. axb5 cxb5 24. Nd3 Bc4 25. Ba5 Nc6 26. Bxd8 Nxd8 27. Rfe1 Nc6 28.
Nb2 Bd5 29. Qe2 e5 30. Bxb5 exd4 31. g3 Qh5 32. Bc4 Qf7 33. Bxd5 Qxd5 34. Nd3
Re8 35. Nf4 Qf7 36. Qb5 Ne5 37. Kg2 d3 38. c6 d2 39. Rf1 Nc4 40. Kh1 Nxe3 41.
Ng2 Nxf1 42. Rxf1 Qd5 43. Qxd5+ Nxd5 44. Rd1 Nb4 45. c7 Rc8 46. Rxd2 Rxc7 47.
Ne3 g6 48. Nd5 Nxd5 49. Rxd5 Kf7 50. Kg2 Ke6 51. Ra5 Kd6 52. Kh3 Ke6 53. Ra4
0-1

[Event "Toronto-ch Championship"]
[Site "Toronto CAN"]
[Date "2002.01.21"]
[Round "5"]
[White "Veltmann, Martin"]
[Black "Findlay, Ian"]
[Result "0-1"]
[WhiteElo "2200"]
[BlackElo "2387"]
[PlyCount "54"]
[EventDate "2002.01.09"]
[EventType "tourn"]
[EventRounds "11"]
[EventCountry "CAN"]

1. Nf3 Nf6 2. g3 c5 3. Bg2 Nc6 4. O-O d5 5. d3 e6 6. Nbd2 Be7 7. e4 b6 8. Qe2
Bb7 9. e5 Nd7 10. Re1 g5 11. h3 h5 12. g4 hxg4 13. hxg4 Qc7 14. Nf1 O-O-O 15.
c3 Kb8 16. a3 d4 17. Ng3 Rhg8 18. Bd2 Nf8 19. Rac1 Ng6 20. Nh5 dxc3 21. Rxc3
Rd5 22. b4 Ncxe5 23. bxc5 Rxc5 24. Rxc5 Nxf3+ 25. Bxf3 Bxc5 26. Bxg5 Bxa3 27.
Bf6 Bd6 0-1

[Event "Toronto-ch Championship"]
[Site "Toronto CAN"]
[Date "2002.01.23"]
[Round "6"]
[White "Berengolts, Isai"]
[Black "Rakhinshteyn, Fima"]
[Result "1-0"]
[WhiteElo "2244"]
[BlackElo "2214"]
[PlyCount "57"]
[EventDate "2002.01.09"]
[EventType "tourn"]
[EventRounds "11"]
[EventCountry "CAN"]

1. e4 e5 2. Bc4 Nf6 3. d3 d5 4. exd5 Nxd5 5. Nf3 Nc6 6. O-O Be7 7. Re1 f6 8. h3
Na5 9. Nxe5 fxe5 10. Qh5+ Kf8 11. Bxd5 Qxd5 12. Rxe5 Qc6 13. Rxa5 Qxc2 14. Qf3+
Bf6 15. Nc3 Kf7 16. Rc5 c6 17. Rc4 Be6 18. Rf4 Rhf8 19. Ne4 Bd5 20. Rxf6+ gxf6
21. Qxf6+ Kg8 22. Qg5+ Kf7 23. Nd6+ Ke6 24. Bf4 Qe2 25. Nxb7 Rae8 26. Nc5+ Kf7
27. Nd7 Qxd3 28. Bd6 Re6 29. Bxf8 1-0

[Event "Toronto-ch Championship"]
[Site "Toronto CAN"]
[Date "2002.01.26"]
[Round "6"]
[White "Campbell, Brett"]
[Black "Torres, Juan Carlos"]
[Result "1-0"]
[WhiteElo "2270"]
[BlackElo "2229"]
[PlyCount "127"]
[EventDate "2002.01.09"]
[EventType "tourn"]
[EventRounds "11"]
[EventCountry "CAN"]

1. e4 Nf6 2. e5 Nd5 3. c4 Nb6 4. d4 d6 5. Nf3 Nc6 6. exd6 exd6 7. Be3 Be7 8.
Nc3 Bg4 9. h3 Bh5 10. g4 Bg6 11. Rc1 O-O 12. d5 Nb8 13. Bd3 N8d7 14. O-O Re8
15. b3 Nf8 16. Re1 Bxd3 17. Qxd3 Ng6 18. Qf5 Nd7 19. Bd4 Bf6 20. Rxe8+ Qxe8 21.
Bxf6 Nxf6 22. Re1 Qd7 23. Qxd7 Nxd7 24. Nb5 Rc8 25. Nxa7 Ra8 26. Nb5 Rc8 27.
Re3 Kf8 28. Kg2 Nb8 29. h4 Na6 30. h5 Ne7 31. Nfd4 Re8 32. a3 Ng8 33. Rxe8+
Kxe8 34. b4 g6 35. hxg6 hxg6 36. f4 Kd7 37. Kf3 c5 38. dxc6+ bxc6 39. Nc3 Ne7
40. Ke4 c5 41. Nc2 f5+ 42. gxf5 gxf5+ 43. Kd3 Nc7 44. Ne3 Ne6 45. Ncd5 Ng6 46.
Nxf5 Ngxf4+ 47. Nxf4 Nxf4+ 48. Ke4 cxb4 49. axb4 Ne6 50. b5 Nc7 51. Ne3 Ne6 52.
Nd5 Ng5+ 53. Kd4 Nf3+ 54. Kc3 Kc8 55. Kb4 Kb7 56. Nf6 Kc7 57. Ne8+ Kd7 58. Nf6+
Kc7 59. Ne4 Ne5 60. Kc3 Nd7 61. Kd4 Nb6 62. Nf6 Nc8 63. Ke4 Nb6 64. Nd5+ 1-0